Přístupy k analýze finanční výkonnosti firem a odvětví na bázi metody EVA - Economic Value Added
Charakteristika vývoja ukazovateľa EVA v českom hospodárstve podľa jednotlivých odvetví, vrátane pyramidálnej analýzy. Popis aplikácie funkcionálnej metódy rozkladu - vhodná pre rozklad ukazovateľa EVA. Porovnanie vlastností funkcionálnej metódy a logaritmickej metódy. Porovnanie teoretické a na prí...
Gespeichert in:
| 1. Verfasser: | |
|---|---|
| Format: | Buchkapitel |
| Sprache: | Tschechisch |
| Schlagworte: | |
| Tags: |
Keine Tags, Fügen Sie das erste Tag hinzu!
|
MARC
| LEADER | 00000naa$a2200000$$$4500 | ||
|---|---|---|---|
| 001 | 0026132 | ||
| 005 | 20231010100018.0 | ||
| 041 | 0 | |a cze | |
| 044 | |a CZ | ||
| 245 | 1 | 0 | |a Přístupy k analýze finanční výkonnosti firem a odvětví na bázi metody EVA - Economic Value Added |c Dana Dluhošová |
| 520 | |a Charakteristika vývoja ukazovateľa EVA v českom hospodárstve podľa jednotlivých odvetví, vrátane pyramidálnej analýzy. Popis aplikácie funkcionálnej metódy rozkladu - vhodná pre rozklad ukazovateľa EVA. Porovnanie vlastností funkcionálnej metódy a logaritmickej metódy. Porovnanie teoretické a na príklade gumárenského a plastového priemyslu. | ||
| 610 | 2 | 0 | |a hodnota pridaná ekonomická |
| 610 | 2 | 0 | |a analýza finančná |
| 610 | 2 | 0 | |a výkonnosť |
| 610 | 2 | 0 | |a firmy |
| 610 | 2 | 0 | |a podnik |
| 610 | 2 | 0 | |a odvetvia činnosti ekonomickej |
| 610 | 2 | 0 | |a odvetvia priemyselné |
| 610 | 2 | 0 | |a Česko |
| 610 | 2 | 0 | |a priemysel gumársky |
| 610 | 2 | 0 | |a priemysel plastov |
| 100 | 1 | |a Dluhošová, Dana | |